ARRUPE JESUIT UNIVERSITY

CORONAVIRUS -STOP THE SPREAD - CLEAN,DISINFECT,COVER

"Each an only way": (Record no. 122745)

MARC details
000 -LEADER
fixed length control field 00633nam a22001697a 4500
008 - FIXED-LENGTH DATA ELEMENTS--GENERAL INFORMATION
fixed length control field 150422b xxu||||| |||| 00| 0 eng d
050 ## - LIBRARY OF CONGRESS CALL NUMBER
Classification number BR127.R161
100 ## - MAIN ENTRY--PERSONAL NAME
Personal name Selvaraj, Raja
9 (RLIN) 17467
245 ## - TITLE STATEMENT
Title "Each an only way":
Remainder of title The orientational pluralism of S. Mark Heim as a viable philosophical theory for interpreting religious plurality
Statement of responsibility, etc /by Raja Selvaraj
260 ## - PUBLICATION, DISTRIBUTION, ETC. (IMPRINT)
Place of publication, distribution, etc Rome
Name of publisher, distributor, etc Pontificia Universtas Urbaniana
Date of publication, distribution, etc 2007
300 ## - PHYSICAL DESCRIPTION
Extent viii,167p. ;
Dimensions 25cm.
500 ## - GENERAL NOTE
General note Thesis
650 ## - SUBJECT ADDED ENTRY--TOPICAL TERM
Topical term or geographic name as entry element Catholic Church
General subdivision Relations
9 (RLIN) 17468
650 ## - SUBJECT ADDED ENTRY--TOPICAL TERM
Topical term or geographic name as entry element Heim, Mark
9 (RLIN) 17469
650 ## - SUBJECT ADDED ENTRY--TOPICAL TERM
Topical term or geographic name as entry element Intereligious dialogue
9 (RLIN) 17470
942 ## - ADDED ENTRY ELEMENTS (KOHA)
Source of classification or shelving scheme Library of Congress Classification
Item type Monograph ( Printed materials)
Holdings
Withdrawn status Lost status Source of classification or shelving scheme Damaged status Not for loan Collection code Home library Current library Shelving location Date acquired Total Checkouts Full call number Barcode Date last seen Price effective from Koha item type
    Library of Congress Classification     Main Collection ARRUPE LIBRARY ARRUPE LIBRARY Main Collection 22/04/2015   BR127.R161 46500004502 15/11/2016 22/04/2015 Monograph ( Printed materials)

 

Arrupe Library. PO Box MP320 Mt Pleasant, Harare, Zimbabwe
263 242 745411|librarian@aju.ac.zw